Normal view
MARC view
Entry Personal Name
001 - CONTROL NUMBER
- control field: 60164
003 - CONTROL NUMBER IDENTIFIER
- control field:
005 - DATE AND TIME OF LATEST TRANSACTION
- control field: 20241011161454.0
008 - FIXED-LENGTH DATA ELEMENTS
- fixed length control field: 241011|| aca||aabn | a|a d
040 ## - CATALOGING SOURCE
- Original cataloging agency:
- Transcribing agency:
100 ## - HEADING--PERSONAL NAME
- Personal name: HEMON, Louis
- Dates associated with a name: 1880-1913
670 ## - SOURCE DATA FOUND
- Source citation: Work cat.: ()20605: HEMON, Louis 1880-1913, Maria Chapdelaine, a tale of the Lake St. John Country /, 1958
